Význam a funkce projektového řízení systémů CIM.
Problémy realizácie CIM v Československu. Projektové riadenie a jeho fázy. Funkcie projektového riadenia. Metódy projektového riadenia. Metóda logického rámca, jej predpoklady a kroky realizácie a výhody. Využitie metódy v prvej fáze práce na projekte.
Salvato in:
| Autore principale: | |
|---|---|
| Natura: | Capitolo di libro |
| Lingua: | ceco |
| Soggetti: | |
| Tags: |
Nessun Tag, puoi essere il primo ad aggiungerne!!
|
MARC
| LEADER | 00000naa a2200000 4500 | ||
|---|---|---|---|
| 001 | r010111 | ||
| 005 | 20220831090438.6 | ||
| 041 | 0 | |a cze | |
| 044 | |a [CS] | ||
| 245 | 1 | 0 | |a Význam a funkce projektového řízení systémů CIM. |c B. Lacko |
| 520 | |a Problémy realizácie CIM v Československu. Projektové riadenie a jeho fázy. Funkcie projektového riadenia. Metódy projektového riadenia. Metóda logického rámca, jej predpoklady a kroky realizácie a výhody. Využitie metódy v prvej fáze práce na projekte. | ||
| 610 | 2 | 0 | |a CIM |
| 610 | 2 | 0 | |a ČSFR |
| 610 | 2 | 0 | |a projekty |
| 610 | 2 | 0 | |a riadenie |
| 610 | 2 | 0 | |a automatizácia výroby |
| 100 | 1 | |a Lacko, Branislav | |